Ideals and realities of Islam/ (Record no. 20287)

MARC details
000 -LEADER
fixed length control field 00716cam a2200265 4500
001 - CONTROL NUMBER
control field 2659376
003 - CONTROL NUMBER IDENTIFIER
control field BDDh-ASL
005 - DATE AND TIME OF LATEST TRANSACTION
control field 20231015025852.0
008 - FIXED-LENGTH DATA ELEMENTS--GENERAL INFORMATION
fixed length control field 720921t19791966mau b 001 0 eng
010 ## - LIBRARY OF CONGRESS CONTROL NUMBER
LC control number 72001917
020 ## - INTERNATIONAL STANDARD BOOK NUMBER
International Standard Book Number 0807011312
040 ## - CATALOGING SOURCE
Original cataloging agency DLC
Transcribing agency DLC
Modifying agency DLC
-- BDDh-ASL
050 00 - LIBRARY OF CONGRESS CALL NUMBER
Classification number BP165
Item number .N28 1972
082 00 - DEWEY DECIMAL CLASSIFICATION NUMBER
Classification number 297
Item number SEI
100 1# - MAIN ENTRY--PERSONAL NAME
Personal name Nasr, Seyyed Hossein.
245 10 - TITLE STATEMENT
Title Ideals and realities of Islam/
260 ## - PUBLICATION, DISTRIBUTION, ETC.
Place of publication, distribution, etc. London:
Name of publisher, distributor, etc. Unwin Paperbcks,
Date of publication, distribution, etc. [1979, c1966]
300 ## - PHYSICAL DESCRIPTION
Extent xv, 188 p.
Dimensions 21 cm.
350 ## - PRICE (NR) (BK AM CF MU VM SE) [OBSOLETE]
Price $3.95
490 0# - SERIES STATEMENT
Series statement Beacon paperback,
Volume/sequential designation 439
504 ## - BIBLIOGRAPHY, ETC. NOTE
Bibliography, etc. note Includes bibliographies.
650 #0 - SUBJECT ADDED ENTRY--TOPICAL TERM
Topical term or geographic name entry element Islam.
906 ## - LOCAL DATA ELEMENT F, LDF (RLIN)
a 7
b cbu
c orignew
d 2
e ocip
f 19
g y-gencatlg
942 ## - ADDED ENTRY ELEMENTS (KOHA)
Source of classification or shelving scheme Dewey Decimal Classification
Koha item type Books
Holdings
Withdrawn status Lost status Source of classification or shelving scheme Damaged status Not for loan Collection code Home library Current library Shelving location Date acquired Source of acquisition Total Checkouts Full call number Barcode Date last seen Copy number Price effective from Koha item type
    Dewey Decimal Classification     Non-fiction Asiatic Society Library Asiatic Society Library General Stacks 12/29/2020 Donated by Prof. Husniara Huq   297 SEI 103699 12/29/2020 C-2 12/29/2020 Books

Powered by Koha